000 02245nas1a22003131i 4500
001 RU\NLR\INFOCOMM6\1000386900
005 20240726054446.0
035 _a(NLR Aleph) 002732357
090 _a1976175
_c1976175
100 _a20040131b19601961|||y0rusy50 ca
101 0 _arus
102 _aRU
110 _azyu||||0|y0
200 1 _aНаучно-техническая информация
_fГос. Ком. Совета Министров СССР по автоматизации и машиностроению. Всесоюз. науч.-исслед. и проектно-технол. ин-т угольного машиностроения ВНИИПТУглемаш
207 1 _aВып.1-4
210 _aМ.
_cГосгортехиздат
_d1960-1961
311 _aИздание прекращено
710 0 2 _aВсесоюзный научно-исследовательский и проектно-технологический институт угольного машиностроения
_4070
801 1 _aRU
_bInfoComm
_c20040131
801 0 _aRU
_bNLR
_gPSBO
852 _aNLR
_jП10/2398
942 _cSE
980 _aRUSPER